La Argentina (Registro nro. 2877)
[ vista simple ]
| 000 -LEADER | |
|---|---|
| fixed length control field | 01921 a2200241 4500 |
| 001 - CONTROL NUMBER | |
| control field | 38379 |
| 005 - DATE AND TIME OF LATEST TRANSACTION | |
| control field | 20260407155647.0 |
| 008 - FIXED-LENGTH DATA ELEMENTS--GENERAL INFORMATION | |
| fixed length control field | 260407a1992 arg spa d |
| 003 - CONTROL NUMBER IDENTIFIER | |
| control field | AR-UNSa-BCEJYS |
| 040 ## - CATALOGING SOURCE | |
| Original cataloging agency | AR-UNSa-BCEJYS |
| Language of cataloging | spa |
| Transcribing agency | AR-UNSa-BCEJYS |
| 080 ## - UNIVERSAL DECIMAL CLASSIFICATION NUMBER | |
| Universal Decimal Classification number | 913(82) |
| Common auxiliary subdivision | Geografía de Argentina |
| 020 ## - INTERNATIONAL STANDARD BOOK NUMBER | |
| International Standard Book Number | 950-742-234-X |
| 041 ## - LANGUAGE CODE | |
| Language code of text/sound track or separate title | spa |
| 100 1# - MAIN ENTRY--PERSONAL NAME | |
| Personal name | Roccatagliata, Juan A. |
| 245 10 - TITLE STATEMENT | |
| Title | La Argentina |
| Name of part/section of a work | geografía general y los marcos regionales |
| 250 ## - EDITION STATEMENT | |
| Edition statement | 2a. ed. |
| 264 #1 - PRODUCTION, PUBLICATION, DISTRIBUTION, MANUFACTURE, AND COPYRIGHT NOTICE | |
| Place of production, publication, distribution, manufacture | Buenos Aires : |
| Name of producer, publisher, distributor, manufacturer | Planeta |
| Date of production, publication, distribution, manufacture, or copyright notice | 1992 |
| 300 ## - PHYSICAL DESCRIPTION | |
| Extent | 801 p. |
| Dimensions | 23 cm. |
| 505 ## - FORMATTED CONTENTS NOTE | |
| Formatted contents note | Parte I: 1. Conformación del sistema político territorial - 2. Los ambientes naturales del territorio argentino - 3. Las etapas de ocupación del territorio argentino, una rápida expansión con valoración parcial del territorio - 4. Población y economía, geografía de las formas económicasy de los asentamientos - 5. Urbanización y sistema urbano - 6. Los transportes y las comunicaciones - 7. Comercio e intercambio - Parte II: Geografía regional. Los conjuntos regionales : 1. Regionalización - 2. La región metropolitana de Buenos Aires, una desproporcionada concentración - 3. La macrorregión pampeana agroganadera con industrias urbanas y portuarias - 4. Región agro-silvo-ganadera con frentes pioneros de ocupación del norte - 5. La región del Noroeste argentino:paisajes heterogéneos con economía mixta - 6. Región de los núcleos económicos fragmentados de las sierras pampeanas, con oasis pobres y economías de subsistencia - 7. Región de los núcleos económicos fragmentados de las sierras pampeanas, con oasis pobres y economías de subsistencia - 8. Patagonia, un medio duro, dominio de ovejas, con focos pioneros de ocupación e industria promovidas |
| 590 ## - LOCAL NOTE (RLIN) | |
| Local note | niveau_biblio:m niveau_hierar:0 |
| 856 41 - ELECTRONIC LOCATION AND ACCESS | |
| Uniform Resource Identifier | <a href="https://biblioeco.unsa.edu.ar/pmb/images/libros/L58530.jpg">https://biblioeco.unsa.edu.ar/pmb/images/libros/L58530.jpg</a> |
| Link text | Imagen de portada |
| Electronic format type | image/jpeg |
| 942 ## - ADDED ENTRY ELEMENTS (KOHA) | |
| Koha item type | |
| Withdrawn status | Lost status | Damaged status | Not for loan | Home library | Current library | Shelving location | Date acquired | Total checkouts | Full call number | Barcode | Date last seen | Price effective from | Koha item type |
|---|---|---|---|---|---|---|---|---|---|---|---|---|---|
| Biblioteca Prof. Eusebio Cleto del Rey | Biblioteca Prof. Eusebio Cleto del Rey | 07/04/2026 | 913(82) R671 2ed. | L58530 | 07/04/2026 | 07/04/2026 | Libro | ||||||
| Biblioteca Prof. Eusebio Cleto del Rey | Biblioteca Prof. Eusebio Cleto del Rey | 07/04/2026 | 913(82) R671 2ed. | L58529 | 07/04/2026 | 07/04/2026 | Libro | ||||||
| Biblioteca Prof. Eusebio Cleto del Rey | Biblioteca Prof. Eusebio Cleto del Rey | 07/04/2026 | 913(82) R671 2ed. | L58528 | 07/04/2026 | 07/04/2026 | Libro | ||||||
| Biblioteca Prof. Eusebio Cleto del Rey | Biblioteca Prof. Eusebio Cleto del Rey | 07/04/2026 | 913(82) R671 2ed. | L58527 | 07/04/2026 | 07/04/2026 | Libro | ||||||
| Biblioteca Prof. Eusebio Cleto del Rey | Biblioteca Prof. Eusebio Cleto del Rey | 07/04/2026 | 913(82) R671 2ed. | L58534 | 07/04/2026 | 07/04/2026 | Libro | ||||||
| Biblioteca Prof. Eusebio Cleto del Rey | Biblioteca Prof. Eusebio Cleto del Rey | 07/04/2026 | 913(82) R671 2ed. | L58533 | 07/04/2026 | 07/04/2026 | Libro | ||||||
| Biblioteca Prof. Eusebio Cleto del Rey | Biblioteca Prof. Eusebio Cleto del Rey | 07/04/2026 | 913(82) R671 2ed. | L58531 | 07/04/2026 | 07/04/2026 | Libro | ||||||
| Biblioteca Prof. Eusebio Cleto del Rey | Biblioteca Prof. Eusebio Cleto del Rey | 07/04/2026 | 913(82) R671 2ed. | L58536 | 07/04/2026 | 07/04/2026 | Libro |